| 000 | 00760nam a2200241 i 4500 | ||
|---|---|---|---|
| 001 | 88817 | ||
| 003 | ES-MaACL | ||
| 005 | 20230906175937.0 | ||
| 007 | t| | ||
| 008 | 050112s1986 xxu ||||1| eng d | ||
| 020 | _a0-14-043019-9 | ||
| 080 | _a821.111-31"17" | ||
| 100 | 1 |
_aSterne, Laurence. _9108138 |
|
| 245 | 1 | 4 |
_aThe life and opinions of Tristam Shandy gentleman / _cLaurence Sterne ; edited by Graham Petrie with an introduction by Christopher Ricks. |
| 260 |
_aNew York : _bPenguin, _c[1986] |
||
| 300 |
_a659 p. ; _c18 cm. |
||
| 490 | 1 | _aPenguin classics | |
| 700 | 1 |
_aPetrie, Graham. _991542 |
|
| 700 | 1 |
_aRicks, Christopher. _997006 |
|
| 830 | 0 |
_aPenguin classics _9192788 |
|
| 852 |
_aES-MaACL _jE-10669 _bR.135114 |
||
| 999 |
_c88817 _d88817 |
||